Statistics for Countries By Irish Ancestry

Click here to take the quiz!

General Stats

  • This quiz has been taken 65 times
  • The average score is 12 of 15

Answer Stats

Total%Country% Correct
14.500.00021.4United Kingdom
100%
33.350.00010.1United States
100%
4.600.00012.2Canada
96%
75.0000.1Germany
96%
7.000.00026.8Australia
91%
110.0000.1France
89%
10.0000.1Mexico
89%
600.00011.7New Zealand
89%
45.0000.1Spain
89%
1.250.0002.8Argentina
82%
100.0000.1Brazil
82%
300.0000.5South Africa
68%
130.0000.7Chile
60%
12.0003.2Iceland
54%
210.0006.1Uruguay
54%

Score Distribution

Percentile by Number Answered

Percent of People with Each Score

Your Score History

You have not taken this quiz